=LDR 00000nam 2200000 4500 =001 INLIS000000000022296 =005 20200813011556 =035 ##$$a 0010-061300000022296 =008 200813################g##########0#ind## =041 ##$$a Ind =082 ##$$a 2X6.4 =090 ##$$a 2X6.4, Lab w =100 ##$$a Labib Mz. =245 1#$$a Wanita bertanya islam memjawab /$c Ust. Labib Mz. =260 ##$$a Surabaya :$b Bintang Usaha Jaya,$c 2003 =300 ##$$a 160 hlm. ; $c 20 x 15 cm. =650 #4$$a Kedudukan Wanita Islam =850 ##$$a NBPNMAT =084 ##$$a 2X6.4 LAB w =990 ##$$a 0001/BPAP-NTB/2016 =990 ##$$a 20700327